Quizzes
Events
Quiz Creation
Community
Videos
Private Events
Remove Ads
Sign In
Join for FREE
Feedback
Dark Mode
Quiz Categories
Sports
Geography
Music
Movies
Television
Just For Fun
Miscellaneous
History
Literature
Language
Science
Gaming
Entertainment
Religion
Holiday
For Kids
Quiz Lab
Recent
Popular Today
Quiz Kudos Today
Editor Picks
Curator Picks
Quizzes by...
Day
Popularity
Type
Ratings
Length
Year
Community
Subscriptions
Recent Discussions
Orange Saloon
Badges
Playlists
Quests
Create
Leaderboards
Showdown
Live 5
Trivia Bingo
Activity
Puzzle Library
Sporcle Events
Private Events
Virtual Trivia
Globe League
Become a Host
Pub Owners
SporcleCon
Opinionation
Our Games
Videos
Blog
Mobile Apps
Partnerships
Remove Ads and Go Orange
Feedback
Music
Pop Music
The Beatles
Song
Album
Lyrics
Bands
Singers
Artist
Clip
Rock
Rap
Classical
Billboard
Country Music
Kpop
Taylor Swift
Music
Pop Music
The Beatles
Song
Album
Lyrics
Bands
Singers
Artist
Clip
Rock
Rap
Classical
Billboard
Country Music
Kpop
Taylor Swift
Random Quiz
Search Sporcle
×
Quiz Lab
Quiz Lab
Music
Song
Type in answers that appear in a list
Type in answers that appear in a list
Classic
Best Score? Go Orange.
Michael Jackson Song Hunt 2 Stats
Can you name the lyrics to this Michael Jackson song without any hints?
By
symphonyofsounds
10m
197 Questions
627 Plays
627 Plays
627 Plays
Comments
Comments
Give Quiz Kudos
Give Quiz Kudos
-
- Ratings
hide this ad
Replay
Link that replays current quiz
Next Quiz
Link to next quiz in quiz playlist
You Got
0%
They Got
Avg Score
65%
Avg Friend Score
Upgrade to see
Score Distribution
Jump to the score distribution portion of the page
Score
0/197
Timer
10:00
0
Plays Today
% Correct
and
97.8%
and
97.8%
the
97.8%
the
97.8%
the
97.8%
a
97.8%
and
97.8%
the
97.8%
the
97.8%
And
97.8%
the
97.8%
and
97.8%
the
97.8%
97.8%
I
97.1%
I
97.1%
I
97.1%
I
97.1%
I
97.1%
I
97.1%
I
97.1%
I
97.1%
you.
89.6%
you
89.6%
You
89.6%
you
89.6%
you
89.6%
you
89.6%
you
89.6%
you
89.6%
you
89.6%
you
89.6%
you
89.6%
you
89.6%
you.
89.6%
you.
89.6%
you
89.6%
you
89.6%
you
89.6%
be
79.3%
it;
78%
it
78%
love.
77.7%
love.
77.7%
love.
77.7%
love
77.7%
to
73.5%
to
73.5%
we
71.9%
we
71.9%
we
71.9%
we
71.9%
your
71.5%
do.
71.5%
your
71.5%
can
69.5%
can
69.5%
can
69.5%
go.
68.6%
is
68.4%
(all)
67%
(all)
67%
(all)
67%
(all)
67%
(all)
67%
(all)
67%
% Correct
with
66.3%
with
66.3%
with
66.3%
with
66.3%
with
66.3%
with
66.3%
with
66.3%
with
66.3%
with
66.3%
that
65.2%
that
65.2%
that
65.2%
that
65.2%
that
65.2%
that
65.2%
that
65.2%
that
65.2%
of
64.3%
of
64.3%
(night)
63.3%
(night)
63.3%
night
63.3%
(night)
63.3%
(night)
63.3%
night
63.3%
(night)
63.3%
(night)
63.3%
when
62.8%
When
62.8%
when
62.8%
rock
62.4%
rock
62.4%
rock
62.4%
rock
62.4%
rock
62.4%
rock
62.4%
rock
62.4%
rock
62.4%
rock
62.4%
rock
62.4%
rock
62.4%
Rock
62.4%
wanna
62.2%
so
62.2%
so
62.2%
Girl,
62%
there
62%
wanna
62%
there
62%
there
62%
Girl,
62%
wanna
62%
wanna
62%
wanna
62%
wanna
62%
wanna
62%
wanna
62%
Don't
61.9%
beat
61.9%
beat
61.9%
feel
60.8%
on
60.8%
feel
60.8%
on.
60.8%
Dance
60.4%
dance,
60.4%
% Correct
Dance
60.4%
get
58.1%
Let
55.8%
into
55.8%
into
55.8%
(sunlight)
55.8%
away.
55.8%
into
55.8%
away.
55.8%
into
55.8%
(sunlight)
55.8%
away!
55.8%
got
54.9%
Just
53.9%
eyes.
53.7%
close
53.1%
mine.
53%
nothin'
52.2%
(sunlight)
51.4%
boogie.
51.2%
boogie.
51.2%
ain't
50.9%
ain't
50.9%
try
50.4%
We're
49%
We're
49%
mind.
48.8%
ride
48%
gonna
48%
gonna
48%
ride
48%
gonna
48%
Relax
47.7%
Share
47.7%
take
47.7%
Share
47.7%
know
47.7%
groove
47.5%
groove
47.5%
groove
47.5%
rhythm
47.4%
must
47.2%
day
47%
day
47%
day
47%
fight
46.9%
gotta
46.9%
heat
46.9%
heat
46.9%
us.
45.9%
there's
45.8%
back
44.8%
Lay
43.5%
but
43.4%
magic
43.2%
'cause
42.7%
gone,
42.4%
far
41.3%
Out
40.5%
slow,
40.5%
floor,
38.9%
forever
38.8%
dead
36.8%
survives
35.4%
nobody
33.3%
Quiz Playlist
Details
Report
Send in Message
Add To Playlist
Classic:
Type in answers that appear in a list
Last Updated: Feb 16, 2017
Quiz Scoreboard
CHALLENGE
Sign Up to Join the Scoreboard
Show All
Scores
Hide
Comments
May contain spoilers
Recently Published
TV Characters by Other Roles V
by ghcgh
Television
5m
Decade Duel: World Leaders
by jenniferyan
History
4m
Alphabetical 'K' Countries by Flag Minefield
by ylime102
Geography
3m
More to Explore
Quiz From the Vault
Featured Blog Post
15 Basketball Trivia Facts You Can Be March Mad About
hide this ad
You Might Also Like...
Tags
Song Quiz
hunt
jackson
michael
Michael Jackson
Today's Top Quizzes in Music
Browse Music
hide this ad
Today's Top Quizzes in Song
Browse Song
Top Contributed Quizzes in Music
1
Taylor Swift All Songs (2024)
2
Decade Duel: Singer
3
Taylor Swift Logic Puzzle
4
KPOP LOGIC QUIZ
5
Guess the Taylor Swift song (Mystery Song)
6
Guess The Taylor Swift Lyrics Song #1
7
A Taylor Swift Logic Puzzle
8
kpop group name match up
9
2 word kpop group match
10
Madness Songs By Image
Explore More
Trending Topics
Crossword
NBA
Disney
Harry Potter
Kpop
Marvel
Anime
Puzzle
Country
Song
Pokémon
The Office
NFL
Soccer
WWE
hide this ad
More By:
symphonyofsounds
Quiz
Plays
Rating
Category
Featured
Created
Monty Python: Things That Float in Water
19,502
4.51
Movies
Feb 18, 2011
Pittsburgh Culture
4,367
4.50
Geography
Dec 5, 2009
Skeletal Muscles of the Human Body
3,176
4.71
Science
Aug 15, 2011
VH1's 100 Hard Rock Songs by Opening Lines
2,111
4.74
Music
May 20, 2012
Michael Jackson Song Hunt
1,693
4.73
Music
Mar 28, 2011
Go to Creator's Profile
Score Distribution
Quiz Creator Spotlight
symphonyofsounds
Follow
Send a Message
Quizzes Created
-
Created Quiz Play Count
-
More By This Creator
Popular Quizzes Today
1
Countries of Asia Without Outlines Minefield
2
Find the US States - No Outlines Minefield
3
Pick 6: Fruits
4
The Countries of the World
5
Find the Countries of Europe - No Outlines Minefield
6
Alphabetical 'K' Countries by Flag Minefield
7
US States
8
Find the US States
More Music Quizzes
Amongst: US and UK Bands
Quiz Lab
Trending Quizzes
Pick 6: Mountains
Pick 6: Harry Potter
Pick 6: Flags
Pick 6: NFL Teams
C Names for Actors
Recently Updated
Adaptations: Name the Title
pecheneg
NWSL Teams
pecheneg
Women's Final Four Teams by Year
bhenderson79
Presidents Quartet II
eogle
Anything But Clue(do)
eogle
Anything But Oceanian Capitals
eogle
Anything But 7
eogle
Anything But Thing
eogle
Word Ladder: February 29
pecheneg
Song Title Questions
pecheneg
Trending Topics
Disney
Marvel
Crossword
NBA
Anime
Harry Potter
Kpop
Soccer
Song
Country
The Office
Pokémon
Puzzle
WWE
NFL
Your Account Isn't Verified!
In order to create a playlist on Sporcle, you need to verify the email address you used during registration. Go to your
Sporcle Settings
to finish the process.
Report this User
Report this user for behavior that violates our
Community Guidelines
.
Details:
Send Report
Go to the Sporcle.com Mobile Site →
Comments